00528nam a2200169Ia 4500001001000000003000500010008004100015010001100056040000900067082001700076100002200093245014100115260003200256300001100288650003200299650002700331Para_8993CHAP220125s2003 xx 000 0 und d a207771 cCHAP aPA 646.7 C64 aCovey, Stephen R. aLos 7 hábitos de la gente altamente efectiva :b la revolución ética en la vida cotidiana y en la empresa /c por Stephen R. Covey aMéxico, D.F. :b Paidós a377 p. aMotivación (psicología) aSuperación personal